Estadísticas para Escribir rápido del 1 al 50 (palabras)

Haz click aquí para tomar la prueba!

Estadísticas generales

  • Esta prueba ha sido tomada 73 veces
  • La puntuación promedio es 40 de 50

Estadísticas de respuestas

Respuesta% Correcto
Uno
100%
Dos
100%
Tres
100%
Cuatro
96%
Cinco
96%
Seis
94%
Siete
94%
Ocho
94%
Nueve
91%
Quince
89%
Catorce
89%
Trece
89%
Once
89%
Diez
89%
Doce
89%
Dieciseis
87%
Diecisiete
87%
Dieciocho
87%
Veinticinco
85%
Treinta
85%
Veintinueve
85%
Veintiocho
85%
Veintiseis
85%
Veinticuatro
85%
Veintitres
85%
Veintidos
85%
Veintiuno
85%
Veinte
85%
Diecinueve
85%
Veintisiete
83%
Treinta y uno
81%
Treinta y dos
79%
Treinta y tres
79%
Treinta y cuatro
79%
Treinta y cinco
77%
Treinta y ocho
74%
Treinta y siete
74%
Treinta y seis
74%
Treinta y nueve
72%
Cuarenta
72%
Cuarenta y uno
68%
Cuarenta y dos
62%
Cuarenta y tres
60%
Cuarenta y cuatro
53%
Cuarenta y cinco
53%
Cuarenta y seis
49%
Cuarenta y siete
45%
Cuarenta y ocho
45%
Cuarenta y nueve
43%
Cincuenta
43%

Distribución de puntuación

Porcentaje por número respondido

Porcentaje de gente con cada puntuación

Historial de tus puntuaciones

No has tomado esta prueba